Normal view
MARC view
Entry Personal Name
001 - CONTROL NUMBER
- control field: 40725
003 - CONTROL NUMBER IDENTIFIER
- control field: OSt
005 - DATE AND TIME OF LATEST TRANSACTION
- control field: 20211105154815.0
008 - FIXED-LENGTH DATA ELEMENTS
- fixed length control field: 211105|| aca||aabn | a|a d
040 ## - CATALOGING SOURCE
- Original cataloging agency: OSt
- Transcribing agency: OSt
100 ## - HEADING--PERSONAL NAME
- Personal name: Tarchi, A., ed
670 ## - SOURCE DATA FOUND
- Source citation: Work cat.: (OSt): Tarchi, A., ed., Astrophysical Masers: Unlocking the Mysteries of the Universe, 2018